000 00531 a2200169 4500
999 _c41828
_d41828
003 OSt
005 20230225122332.0
008 230225b ||||| |||| 00| 0 eng d
020 _a9788193620021
040 _coclc
082 _a894.812
_bKUT/P
245 _aPonnanippattukal( Song of Ponnani)
_cT V Abdu Rahman Kutty Master
250 _a1 ed.
260 _aKerala:
_bMahakavi Moyin Kutty Vaidyar Mappila Kala Academy,
_c2021.
300 _a608 pages
942 _2ddc
_cBK
_h894.812
_iKUT/P
_k894.812
_mKUT/P